000 00967nam a2200241 a 4500
001 BRCA_936
005 20190320203219.0
008 870716t19861985mx-a---##b---#000-0#spa-#
020 _a9687009071
040 _aDLC
_cDLC
_dDLC
050 4 _aNK5972
_b.S26 1985
100 1 _aSánchez Navarro de Pintado, Beatriz
_93087
245 1 0 _aMarfiles cristianos del oriente en México
_cBeatriz Sánchez Navarro de Pintado ; fotografías Michel Zabé e Ignacio Urquiza ; dibujos Xavier Talamante.
260 _aMéxico
_bFomento Cultural Banamex
_c1985
300 _a128 p.
_bil. (algunas a color), mapas
_c31 cm.
500 _a2do. ejemplar en el Área de Investigación
504 _aBibliografía: p. 124-128
650 1 4 _aMarfiles
_xInfluencias españolas
_zAsia
_93088
650 1 4 _aMarfiles
_vCatálogos
_xInfluencias portuguesas
_zAsia
_93089
650 1 4 _aSantos (Arte)
_xCatálogos
_zAsia
_93090
650 1 4 _aMarfiles
_xColecciones privadas
_zMéxico
_93091
942 _2lcc
_cB
999 _c825
_d825